| 000 | 01156nam a2200277 a 4500 | ||
|---|---|---|---|
| 001 | 000354 | ||
| 003 | DO-SdBNP | ||
| 005 | 20160428144711.0 | ||
| 007 | 000354 | ||
| 008 | 150130s2001 dr a 000 0 spa d | ||
| 040 |
_aBPMSU _bspa _cBPMSU |
||
| 092 |
_a372.257 _bC569N, 7mo. 2001 |
||
| 245 | 0 | 0 |
_aCiencias de la naturaleza 7: _beducación básica / |
| 260 |
_aSanto Domingo : _bSecretaría de Estado de Educación, _c2001. |
||
| 300 |
_a212 p. : _bil.; _c28 cm. |
||
| 500 | _aLa presente ha sido contratada por la Secretaría de Estado de Educación (SEE) y está destinada al sistema educativo oficial. | ||
| 505 | 1 |
_tLa ecología en tu vida -- _tRegulación, herencia y variación de los seres vivos -- _tConociendo los elementos y compuestos químicos -- _tLa energía térmica y sus efectos -- |
|
| 650 |
_aCIENCIAS NATURALES _xENSEÑANZA BÁSICA |
||
| 650 |
_aCIENCIAS NATURALES _xEDUCACIÓN PRIMARIA |
||
| 650 | _aEDUCACIÓN PRIMARIA | ||
| 650 |
_aCIENCIAS NATURALES _zREPÚBLICA DOMINICANA |
||
| 650 |
_aCIENCIAS NATURALES _xLIBROS DE TEXTO |
||
| 650 |
_aCIENCIAS NATURALES _xESTUDIOS Y EJERCICIOS |
||
| 942 |
_2ddc _cBK |
||
| 956 |
_aYLOCKWARD _b10 |
||
| 999 |
_c9561 _d9561 |
||